| 000 | 01108cam a22003137a 4500 | ||
|---|---|---|---|
| 003 | CHAP | ||
| 005 | 20220329142406.0 | ||
| 008 | 001113d1997 mx b r 00110 spa d | ||
| 010 | _a82798 | ||
| 011 | _a83770 | ||
| 035 | _a94286 | ||
| 040 | _cCHAP | ||
| 090 | _aFolleto 16076 | ||
| 100 | 0 | 0 |
_aSolis, Emilia. _9108414 |
| 245 | 1 | 0 |
_aY... los agricultores hacen evidente su experimentación : _bla experiencia de William Berrocal, Retana, Upala, Costa Rica _c/por Emilia Solis. |
| 260 |
_aCosta Rica : _bPrograma regional de reforzamiento a la Investigación Agronómica sobre los granos en Centroamérica, _c1997. |
||
| 300 |
_a44p. . _bmapa; cuads. |
||
| 490 | 1 | _aSerie Upala | |
| 590 |
_aBATCH-UPD _b10 _c20130110 _lUCH01 _h0449 |
||
| 590 |
_aBATCH-UPD _b10 _c20130410 _lUCH01 _h1645 |
||
| 590 |
_aCONVERSION _b10 _c20130109 _lUCH01 _h1346 |
||
| 650 | 1 | 4 |
_aAgricultura _xCosta Rica. _91383 |
| 650 | 1 | 4 |
_aAgricultura _xExperimentacion _zCosta Rica. _91483 |
| 830 | 0 | 1 |
_aSerie Upala _9105079 |
| 901 | _aBK | ||
| 905 | _aEdna Luz | ||
| 942 | _cFOLL | ||
| 949 |
_aFolleto 16076 _bBC _cFOLL _d942861 _eTS1 _i94286 _sb |
||
| 999 |
_c82798 _d82798 |
||